000 00224 a2200097 4500
001 37986
100 _aSharif M M
245 _aA History of Muslim Philosophy
260 _aKarachi
_bRoyal Book
_c1963
090 _c24165
_d24165
942 _aNUST-CAE
_cM
_c15742
999 _c273059
_d273059